| 000 | 00773nam a2200241Ia 4500 | ||
|---|---|---|---|
| 003 | OSt | ||
| 005 | 20220927105721.0 | ||
| 006 | a|||||r|||| 00| 0 | ||
| 007 | ta | ||
| 008 | 220926b |||||||| |||| 00| 0 eng d | ||
| 024 | _a201517 | ||
| 037 | _cReference Collections | ||
| 040 |
_aRTL _cRTL _beng |
||
| 041 |
_2eng _aeng |
||
| 082 | _a"Y9(L)n1,N9, N3.3/RR" | ||
| 100 |
_aALBRECHT Gary L Ed. _9374376 |
||
| 245 | 0 |
_aAdvance in medical sociology _b The social and behavioral aspects of aids |
|
| 260 |
_aGreenwich _bJai Press INC England _c1993 |
||
| 490 | _v3v. | ||
| 700 |
_a ZIMMERMAN Rick S. _9374377 |
||
| 942 |
_h"Y9(L)n1,N9, N3.3/RR" _cCC |
||
| 999 |
_c694086 _d694086 |
||